A história do futuro do Brasil (Record no. 135421)

MARC details
000 -LÍDER
campo de controle de tamanho fixo 00535 a2200193 4500
001 - NÚMERO DE CONTROLE
campo de controle 135421
020 ## - ISBN - INTERNATIONAL STANDARD BOOK NUMBER
ISBN - International Standard Book Number 978-85-02-06580-2
040 ## - FONTE DA CATALOGAÇÃO
Instituição que transcreveu o registro Leonardo Da Vinci
041 ## - CÓDIGO DE IDIOMA
Código do idioma do texto/trilha sonora ou título diferente Português
082 ## - CDD - CLASSIFICAÇÃO DECIMAL DE DEWEY
Número de Classificação 981 C971h
Número do exemplar C971h
100 ## - ENTRADA PRINCIPAL--NOME PESSOAL
Nome pessoal COSTA, Clovis Corrêa da
245 ## - TÍTULO
Título A história do futuro do Brasil
Restante do título (114 - 2040)
260 ## - PUBLICAÇÃO, DISTRIBUIÇÃO, ETC.
Nome do editor, distribuidor, etc. Saraiva
Data da publicação, distribuição, etc. 2007
Local de publicação, distribuição, etc. São Paulo
300 ## - DESCRIÇÃO FÍSICA
Extensão 264
362 ## - DATAS DE PUBLICAÇÃO E/OU DESIGNAÇÃO SEQUENCIAL
Datas de publicação e/ou designação sequencial 20070000
490 ## - TÍTULO DA SÉRIE
Título da série Virgília
697 ## - ENTRADA DE ASSUNTO LOCAL--ENTIDADE COLETIVA (RLIN)
Nome corporativo ou nome da jurisdição Condições econômicas
-- História
-- Brasil
-- Condições sociais
-- Governo
-- FIPEN
942 ## - ELEMENTOS DE ENTRADA ADICIONADOS (KOHA)
Tipo de material Koha Livros
Holdings
Situação do descarte Situação das perdas Situação física Não pode ser emprestado Biblioteca de origem Biblioteca atual Data de aquisição Total de empréstimos Número de chamada completo Código de barras Data de último acesso Data do preço efetivo Tipo de material Koha
        Leonardo Da Vinci - Osasco Leonardo Da Vinci - Osasco 27/03/2024   981 C971h O011653 27/03/2024 27/03/2024 Livros